000 00473nam a2200193Ia 4500
003 LK-CoDNM
005 20241206122642.0
008 010623t1981 xxu||||| |||| 00| 1 eng d
040 _aLK-CoDNM
_dLK-CoDNM
_eLK-CoDNM
041 _aeng
080 _a294.3
_bNYA
100 _aNyanaponika Thero
245 _aBuddhism and the God-Idea
260 _bBuddhist Publication Society
_c1981
300 _b32p. ; 18 cm
650 _a1981
650 _aBuddhism
942 _cBK
999 _c111458
_d111458